Geography Quiz

Random Geography or City Quiz

Most Populous US Cities (2014) Quiz Stats

Quiz Updated Feb 7, 2016

Challenge
Share
Tweet
Score 0/50 Timer 07:00
1 Play Today
% Correct
1) New York, NY
99.1%
2) Los Angeles, CA
98.4%
44) Miami, FL
96%
3) Chicago, IL
96%
20) Seattle, WA
94.5%
9) Dallas, TX
94.4%
4) Houston, TX
93.1%
13) San Francisco, CA
93.1%
24) Boston, MA
92.2%
39) Atlanta, GA
91.7%
21) Denver, CO
90.5%
18) Detroit, MI
90.4%
5) Philadelphia, PA
90.2%
6) Phoenix, AZ
89%
8) San Diego, CA
88.5%
28) Portland, OR
87%
22) Washington, D.C.
85.6%
29) Las Vegas, NV
83.4%
25) Nashville, TN
83%
14) Indianapolis, IN
82.7%
46) Minneapolis, MN
81.8%
37) Kansas City, MO
81.6%
27) Oklahoma City, OK
81.4%
11) Austin, TX
81%
48) Cleveland, OH
79.3%
% Correct
7) San Antonio, TX
78.2%
50) New Orleans, LA
76.3%
12) Jacksonville, FL
75.5%
23) Memphis, TN
74.7%
26) Baltimore, MD
74.5%
15) Columbus, OH
73%
17) Charlotte, NC
69.8%
35) Sacramento, CA
68.4%
31) Milwaukee, WI
67.8%
10) San Jose, CA
66.5%
43) Raleigh, NC
66.4%
45) Oakland, CA
60.4%
19) El Paso, TX
60.2%
30) Louisville, KY
59.7%
16) Fort Worth, TX
59%
32) Albuquerque, NM
58.9%
41) Omaha, NE
56.3%
33) Tucson, AZ
47.2%
47) Tulsa, OK
41.9%
40) Virginia Beach, VA
41.7%
34) Fresno, CA
39.3%
42) Colorado Springs, CO
34.8%
36) Long Beach, CA
33.6%
49) Wichita, KS
30.7%
38) Mesa, AZ
29.6%

You're not logged in!

Compare scores with friends on all Sporcle quizzes.
Sign Up with Email
OR
Log In

You Might Also Like...

Show Comments

Extras

Top Quizzes Today


Score Distribution

Your Account Isn't Verified!

In order to create a playlist on Sporcle, you need to verify the email address you used during registration. Go to your Sporcle Settings to finish the process.